Science, technology, and society / David S. Almarez, Jr. [and four others]. (Record no. 21578)

000 -LEADER
fixed length control field 00541nam a22001577a 4500
020 ## - INTERNATIONAL STANDARD BOOK NUMBER
ISBN 9786210800524
082 ## - DEWEY DECIMAL CLASSIFICATION NUMBER
Classification number 500
Item number Al445 2024
100 ## - MAIN ENTRY--AUTHOR NAME
Personal name Almarez, Davis S., Jr., author.
245 ## - TITLE STATEMENT
Title Science, technology, and society / David S. Almarez, Jr. [and four others].
260 ## - PUBLICATION, DISTRIBUTION, ETC. (IMPRINT)
Place of publication Malabon City :
Name of publisher Mutya Publishing House, Inc.,
Year of publication ©2024.
300 ## - PHYSICAL DESCRIPTION
Number of Pages 357 pages :
Other physical details illustrations ; 26 cm.
500 ## - GENERAL NOTE
General note Includes bibliographical references.
650 ## - SUBJECT ADDED ENTRY--TOPICAL TERM
Topical Term Science -- Social aspects.
650 ## - SUBJECT ADDED ENTRY--TOPICAL TERM
Topical Term Technology -- Social aspects.
942 ## - ADDED ENTRY ELEMENTS (KOHA)
Koha item type Books
Holdings
Source of acquisition Permanent Location Date acquired Koha item type Collection code Accession Number Lost status Shelving location Withdrawn status Current Location Full call number
SchoolCagayan State University - Carig Library2025-12-09BooksPure Sciences011292 General Collection Cagayan State University - Carig Library500 Al445 2024
SchoolCagayan State University - Carig Library2025-12-09BooksPure Sciences011293 General Collection Cagayan State University - Carig Library500 Al445 2024
SchoolCagayan State University - Carig Library2025-12-09BooksPure Sciences011294 General Collection Cagayan State University - Carig Library500 Al445 2024

Cagayan State University University Library, Carig Campus
Tuguegarao City, Cagayan 3500 | www.csucarig.edu.ph

Powered by Koha